00480nam a22001217a 4500008004100000040005500041080003200096245012500128260006700253300001000320650001500330653001300345230410b |||||||| |||| 00| 0 eng d aNational Science LibrarycNational Science Library aR 651.926-051(540)(058)bM9 aDirectory of foreign language scientific and technical translators in Indiac/ Indian Scientific Translators Association aNew Delhi: bIndian Scientific Translators Association, c1989 a253p. aManagement aLanguage